| 000 | 00376nam a2200121Ia 4500 | ||
|---|---|---|---|
| 008 | 160609s9999 xx 000 0 und d | ||
| 100 | _aMukherjee, Robin. | ||
| 245 | 4 | _aThe Art of Screenplays: A Writer's Guide | |
| 245 | _cBy:Robin Mukherjee | ||
| 260 | _c2014 | ||
| 650 | _xWRITING FOR RADIO AND TELEVISION | ||
| 856 | _uhttp://file.ebook777.com/017/1843442000Screenplay.pdf | ||
| 999 |
_c295653 _d295653 |
||